Sports Quiz

Random Sports or Soccer Quiz

Premier League: Most Goals in a Season Quiz Stats

 Plays Quiz Updated Jun 20, 2018

Challenge
Share
Tweet
Embed
Score 0/74 Timer 06:00
29 Plays Today
Goals Player % Correct
30Harry Kane
95.2%
29Harry Kane
95.2%
27Wayne Rooney
94.4%
26Wayne Rooney
94.4%
32Mohamed Salah
93.9%
21Sergio Agüero
93.7%
20Sergio Agüero
93.7%
21Harry Kane
93.5%
25Harry Kane
93.5%
30Thierry Henry
93.5%
27Thierry Henry
93.5%
25Thierry Henry
93.5%
24Thierry Henry
93.5%
24Thierry Henry
93.5%
26Sergio Agüero
93.3%
24Sergio Agüero
93.3%
34Alan Shearer
93%
31Alan Shearer
93%
31Alan Shearer
93%
25Alan Shearer
93%
23Alan Shearer
93%
23Alan Shearer
93%
22Alan Shearer
93%
31Luis Suarez
91.6%
20Jamie Vardy
91.6%
29Didier Drogba
89.9%
20Didier Drogba
89.9%
23Luis Suárez
89.8%
30Robin van Persie
89.6%
25Robin van Persie
89.3%
31Cristiano Ronaldo
88%
23Sergio Agüero
87.1%
24Jamie Vardy
83.6%
34Andy Cole
83%
21Andy Cole
82.9%
25Romelu Lukaku
82.2%
25Ruud van Nistelrooy
77.6%
Goals Player % Correct
23Ruud van Nistelrooy
77.6%
21Ruud van Nistelrooy
77.6%
20Ruud van Nistelrooy
77.6%
22Frank Lampard
77.1%
20Diego Costa
76.8%
24Fernando Torres
76%
28Robbie Fowler
74.7%
25Robbie Fowler
74.7%
20Diego Costa
72%
20Dwight Yorke
71.7%
23Carlos Tévez
71.5%
21Carlos Tévez
71.5%
24Alexis Sánchez
69.9%
21Daniel Sturridge
69.3%
21Dimitar Berbatov
67.2%
25Matthew Le Tissier
66.3%
23Ian Wright
64.4%
23Ian Wright
64.4%
20Yaya Touré
62.4%
30Kevin Phillips
62.1%
20Gareth Bale
61.5%
22Teddy Sheringham
61.2%
25Les Ferdinand
59.1%
24Les Ferdinand
59.1%
20Les Ferdinand
59%
20Mark Viduka
55.5%
23Jimmy Floyd Hasselbaink
54.3%
23Jimmy Floyd Hasselbaink
54.3%
24Emmanuel Adebayor
52.1%
20Louis Saha
51.5%
24Darren Bent
49.2%
25Chris Sutton
45.2%
21Andy Johnson
44.5%
20Jürgen Klinsmann
39.6%
23James Beattie
36.8%
21Peter Beardsley
29%
22Stan Collymore
28.5%

You're not logged in!

Compare scores with friends on all Sporcle quizzes.
OR
Log In

You Might Also Like...

Show Comments

Extras

Top Quizzes Today


Score Distribution

Your Account Isn't Verified!

In order to create a playlist on Sporcle, you need to verify the email address you used during registration. Go to your Sporcle Settings to finish the process.

Report this User

Report this user for behavior that violates our Community Guidelines.

Details: